El Consell de Cent barceloní / per Antoni M. Udina i Abelló
Descripción Física:
70 p. . il. ; 17 x 19 cm
Colección:
Col·lecció A. Duran i Sanpere ; 5
MARC
| LEADER | 00000nam a2200000Ia 4500 | ||
|---|---|---|---|
| 001 | 1737 | ||
| 003 | BGR | ||
| 005 | 20260324175418.0 | ||
| 008 | 160829s1977 xx 000 0 cat d | ||
| 080 | |a H-1-241 | ||
| 100 | |a Udina i Abelló, Antoni M. |9 25531 | ||
| 245 | |a El Consell de Cent barceloní / per Antoni M. Udina i Abelló | ||
| 260 | |a Barcelona : |b Ajuntament de Barcelona, Delegació de Cultura, |c 1977 | ||
| 300 | |a 70 p. . il. ; |c 17 x 19 cm | ||
| 490 | |a Col·lecció A. Duran i Sanpere ; 5 | ||
| 650 | |a Barcelona. Consell de Cent |9 32472 | ||
| 650 | |a Barcelona |x Història |x S. XI/XVI |9 32473 | ||
| 710 | 1 | |a Barcelona (Catalunya). |b Ajuntament |9 50981 | |
| 901 | |a Arxiu | ||
| 942 | |n 1 |2 udc |c MON | ||
| 952 | |0 0 |1 0 |4 0 |6 H1241 |7 1 |9 45996 |a Arxiu |b Arxiu |d 2016-12-01 |l 0 |o H-1-241 |p 1737 |r 2016-12-01 00:00:00 |w 2016-12-01 |y ARXIU | ||
| 999 | |c 49497 |d 49497 | ||